| 000 | 00760nam2a22002171 4500 | ||
|---|---|---|---|
| 001 | RU\NLR\A1SV\43623 | ||
| 005 | 20260327103452.0 | ||
| 035 | _a(NLR Aleph) 009725809 | ||
| 090 |
_a13480138 _c13480138 |
||
| 100 | _a20020815d1927 u y0rusy50 ca | ||
| 101 | 1 |
_arus _cfre |
|
| 200 | 1 |
_aПодземелья Ватикана _d(Les caves du Vatican) _eНебылица _fПер. М.Лозинского |
|
| 210 | _d1927 | ||
| 215 | _a316, [1] с., 1 л. фронт. (ил.) | ||
| 461 | 1 |
_1001RU\NLR\A1SV\43621 _12000#$v4. _99890304 _aЖид, А. (1869-1951) _cЛ. _d1926-1927 _fАндре Жид _nAcademia _tСобрание сочинений _v4. |
|
| 801 | 0 |
_aRU _bNLR _c20020815 |
|
| 852 |
_aNLR _j49/480(4) |
||
| 942 | _cBOOK | ||
| 980 | _aA1SV | ||
| 980 | _aNB | ||